[Event "Hastings Masters 2025-26"]
[Site "Hastings ENG"]
[Date "2025.12.29"]
[Round "3.34"]
[White "Swiatkowski, Aram"]
[Black "Byron, Alan M"]
[Result "1-0"]
[WhiteElo "1843"]
[BlackElo "2022"]
[WhiteFideId "343415210"]
[BlackFideId "401773"]
[EventDate "2025.12.28"]

1. e4 c6 2. Nc3 d5 3. Nf3 Bg4 4. exd5 cxd5 5. Bb5+ Nc6 6. h3 Bxf3 7. Qxf3 Nf6 8.
O-O e6 9. d3 Be7 10. Qg3 O-O 11. Bh6 Ne8 12. Bxc6 bxc6 13. Bf4 c5 14. Rfe1 Qd7
15. h4 Bd6 16. Ne2 Rb8 17. b3 Rb6 18. Bxd6 Nxd6 19. Nf4 Nf5 20. Qh3 Qd6 21. Qg4
Qd8 22. g3 Qf6 23. Rad1 Nd4 24. c3 Qf5 25. Qxf5 Nxf5 26. Re5 Ne7 27. c4 Nc6 28.
Re3 d4 29. Re2 Rfb8 30. Kg2 a5 31. Rde1 Kf8 32. Nh3 h6 33. f4 a4 34. bxa4 Ra8
35. Nf2 Rxa4 36. Ne4 Ra5 37. Rd2 Nb8 38. Ree2 f5 39. Rb2 Rxb2 40. Rxb2 Nd7 41.
Nd6 Ra3 42. Re2 Ke7 43. Nxf5+ Kf6 44. Nd6 Rxd3 45. Ne8+ Kf7 46. Nd6+ Ke7 47. Nb5
Rd1 48. Nc7 d3 49. Rxe6+ Kd8 50. Nb5 Rc1 51. Rd6 Rxc4 52. Rxd3 Rc2+ 53. Kf3 Rxa2
54. Nd6 Ra7 55. Nf5 c4 56. Rd4 Rc7 57. Nxg7 Ke7 58. Nf5+ Ke6 59. Ne3 c3 60. f5+
Kf7 61. Nc2 Ne5+ 62. Ke4 Ng4 63. Kf4 Nf2 1-0

[Event "Hastings Masters 2025-26"]
[Site "Hastings ENG"]
[Date "2025.12.29"]
[Round "3.35"]
[White "Ortiz Sanchez, Luis"]
[Black "Gupta, Aditya"]
[Result "1-0"]
[WhiteElo "2007"]
[BlackElo "1808"]
[WhiteFideId "24581160"]
[BlackFideId "343418643"]
[EventDate "2025.12.28"]

1. e4 c5 2. Nf3 d6 3. d4 cxd4 4. Nxd4 Nf6 5. Nc3 g6 6. Be3 Bg7 7. f3 O-O 8. Qd2
Nc6 9. O-O-O d5 10. Kb1 e5 11. Nxc6 bxc6 12. exd5 Nxd5 13. Nxd5 cxd5 14. Qxd5
Be6 15. Qxd8 Rfxd8 16. Rxd8+ Rxd8 17. Be2 Rb8 18. b3 a5 19. a4 Bd7 20. Ka2 e4
21. Bc1 Bf5 22. c4 exf3 23. Bxf3 Bc2 24. Bd1 Be4 25. Bd2 Bxg2 26. Rg1 Be4 27.
Bxa5 f5 28. Bc7 Rc8 29. Bd6 Bd4 30. Rf1 Rc6 31. Bf4 Re6 32. Bf3 Bc5 33. Bxe4
fxe4 34. Re1 e3 35. Re2 Re4 36. Bg3 h5 37. Be1 Rf4 38. b4 Rf2 39. Bxf2 exf2 40.
Rxf2 Bxf2 41. c5 Kf8 42. a5 1-0

[Event "Hastings Masters 2025-26"]
[Site "Hastings ENG"]
[Date "2025.12.29"]
[Round "3.36"]
[White "Ashton, Alannah"]
[Black "Butt, Laurence"]
[Result "1-0"]
[WhiteTitle "WCM"]
[WhiteElo "1983"]
[BlackElo "1790"]
[WhiteFideId "480681"]
[BlackFideId "440884"]
[EventDate "2025.12.28"]

1. e4 c5 2. Nf3 Nc6 3. d4 cxd4 4. Nxd4 g6 5. c4 Bg7 6. Be3 Nf6 7. Nc3 d6 8. Be2
O-O 9. O-O Bd7 10. Rc1 Qc8 11. Nd5 Re8 12. Nb5 Rd8 13. Bxa7 Rxa7 14. Nxa7 Qb8
15. Nxc6 bxc6 16. Nxf6+ Bxf6 17. b3 c5 18. Qc2 Bd4 19. Kh1 Bc6 20. f3 Qb7 21.
Qd2 Rf8 22. Bd3 Kg7 23. Rc2 h6 24. Qe2 f6 25. f4 e5 26. f5 g5 27. Qh5 Be8 28.
Qe2 h5 29. Rb1 Kh6 30. a3 Qa7 31. Ra2 Bd7 32. b4 Ra8 33. bxc5 Bxc5 34. a4 Bc6
35. Bc2 Qa5 36. Bd1 Qc3 37. Qxh5+ Kg7 38. Qg6+ Kf8 39. Qxf6+ Ke8 40. Bh5+ Kd7
41. Qe6+ Kc7 42. Qe7+ Bd7 43. Rab2 Rd8 44. Rb7+ 1-0

[Event "Hastings Masters 2025-26"]
[Site "Hastings ENG"]
[Date "2025.12.29"]
[Round "3.37"]
[White "Ward, Cian"]
[Black "Sow, MiaoGeng Malcolm"]
[Result "1-0"]
[WhiteElo "1947"]
[BlackElo "1842"]
[WhiteFideId "475599"]
[BlackFideId "5817501"]
[EventDate "2025.12.28"]

1. e4 c5 2. Nf3 e6 3. c3 Nf6 4. e5 Nd5 5. d4 Nc6 6. Bd3 cxd4 7. cxd4 Ndb4 8. Be2
d6 9. a3 Qa5 10. Bd2 dxe5 11. dxe5 Bd7 12. Bc3 Bc5 13. Nbd2 Bxf2+ 14. Kxf2 Qc5+
15. Ke1 Nd5 16. Ne4 Qe3 17. Nd6+ Ke7 18. Nf5+ 1-0

[Event "Hastings Masters 2025-26"]
[Site "Hastings ENG"]
[Date "2025.12.29"]
[Round "3.38"]
[White "Eldridge, Albert"]
[Black "Turner, Lewis A"]
[Result "1/2-1/2"]
[WhiteElo "1781"]
[BlackElo "1945"]
[WhiteFideId "343438857"]
[BlackFideId "412600"]
[EventDate "2025.12.28"]

1. d4 Nf6 2. Bf4 c5 3. d5 d6 4. Nc3 g6 5. e4 Bg7 6. Bc4 O-O 7. Nge2 Nbd7 8. Ng3
h5 9. h4 Ng4 10. Qd2 a6 11. a4 Rb8 12. Be2 Ndf6 13. Bxg4 Nxg4 14. f3 Ne5 15. Rb1
Qa5 16. Nge2 b5 17. axb5 axb5 18. O-O b4 19. Nd1 Nc4 20. Qc1 Ba6 21. Re1 b3 22.
c3 Ne5 23. Nf2 Nd3 24. Nxd3 Bxd3 25. Ra1 Qb5 26. Qd2 Bxe2 27. Qxe2 Qxe2 28. Rxe2
Ra8 29. Ree1 Rfb8 30. Rxa8 Rxa8 31. Bd2 Ra2 32. Rb1 e6 33. Kf2 exd5 34. exd5 c4
35. Be1 Kf8 36. Ke3 Ke7 37. g4 hxg4 38. fxg4 Kd7 39. Ke4 Ra8 40. Bg3 Re8+ 41.
Kf3 Bh6 42. g5 Bg7 43. Ra1 Rc8 44. Ra7+ Rc7 45. Ra1 Rb7 46. Ke4 f5+ 1/2-1/2

[Event "Hastings Masters 2025-26"]
[Site "Hastings ENG"]
[Date "2025.12.29"]
[Round "3.39"]
[White "Oh, Sejun"]
[Black "Norinkeviciute, Rasa"]
[Result "1/2-1/2"]
[BlackTitle "WFM"]
[WhiteElo "1695"]
[BlackElo "1904"]
[WhiteFideId "13216112"]
[BlackFideId "12801925"]
[EventDate "2025.12.28"]

1. d4 Nf6 2. c4 e6 3. g3 Bb4+ 4. Bd2 Be7 5. Bg2 d6 6. Nf3 Nbd7 7. Bc3 Ne4 8. O-O
O-O 9. Nfd2 Nxc3 10. Nxc3 f5 11. e4 f4 12. Nf3 c6 13. e5 d5 14. c5 Rf7 15. b4 b6
16. Re1 Nf8 17. Qc2 g5 18. g4 h5 19. h3 Rh7 20. Ne2 hxg4 21. hxg4 Qe8 22. a4 a5
23. Reb1 axb4 24. cxb6 Ba6 25. a5 Rc8 26. Qb2 Qg6 27. Nc1 c5 28. dxc5 Rxc5 29.
Nb3 Rc2 30. Qd4 Rc4 31. Qb2 Rc3 32. Nbd2 Rc2 33. Qb3 Rc3 34. Qb2 Rc2 35. Qb3 Rc3
36. Qb2 Rc2 37. Qb3 Rc3 1/2-1/2

[Event "Hastings Masters 2025-26"]
[Site "Hastings ENG"]
[Date "2025.12.29"]
[Round "3.41"]
[White "Lee, Younggyu"]
[Black "Saunders, Aron"]
[Result "0-1"]
[WhiteElo "1892"]
[BlackElo "2201"]
[WhiteFideId "13227378"]
[BlackFideId "469343"]
[EventDate "2025.12.28"]

1. Nf3 d5 2. c4 c6 3. e3 Nf6 4. Nc3 Bg4 5. cxd5 Bxf3 6. Qxf3 cxd5 7. Bb5+ Nc6 8.
O-O e6 9. e4 a6 10. exd5 Nxd5 11. Bxc6+ bxc6 12. d4 Be7 13. Nxd5 Qxd5 14. Qxd5
cxd5 15. Be3 Kd7 16. Rfc1 Rhc8 17. Rxc8 Rxc8 18. Rc1 Rxc1+ 19. Bxc1 Bf6 20. Be3
Kc6 21. a4 e5 22. dxe5 Bxe5 23. b3 d4 24. Bd2 Kd5 25. f3 d3 26. Kf2 Bd4+ 27. Ke1
Kc5 28. Ba5 Be3 29. Kd1 h5 30. h3 f5 31. Bd2 Bxd2 32. Kxd2 Kb4 33. a5 Kxb3 0-1

[Event "Hastings Masters 2025-26"]
[Site "Hastings ENG"]
[Date "2025.12.29"]
[Round "3.42"]
[White "Shankar, Yashwardhan"]
[Black "Brewer, Callum D"]
[Result "1-0"]
[WhiteElo "1886"]
[BlackElo "2175"]
[WhiteFideId "2411067"]
[BlackFideId "435309"]
[EventDate "2025.12.28"]

1. e4 e5 2. Nf3 Nc6 3. Bc4 Nf6 4. d4 exd4 5. e5 Ne4 6. Qe2 Nc5 7. O-O Ne6 8. c3
dxc3 9. Nxc3 Be7 10. Be3 O-O 11. Rad1 a6 12. Bd3 f5 13. exf6 Bxf6 14. Qc2 g6 15.
Bc4 d6 16. Bh6 Re8 17. Rfe1 Kh8 18. Ne4 Bd7 19. Nxf6 Qxf6 20. Bd2 Ng7 21. Bc3
Qf5 22. Qc1 Ne5 23. Nxe5 dxe5 24. Qh6 Bc6 25. h3 Qf4 26. Qxf4 exf4 27. Bf7 Red8
28. Rxd8+ Rxd8 29. Re7 h6 30. Be6 1-0

[Event "Hastings Masters 2025-26"]
[Site "Hastings ENG"]
[Date "2025.12.29"]
[Round "3.43"]
[White "Sadler, Ben"]
[Black "Manmay Chopra"]
[Result "0-1"]
[BlackTitle "CM"]
[WhiteElo "1882"]
[BlackElo "2170"]
[WhiteFideId "472190"]
[BlackFideId "25649191"]
[EventDate "2025.12.28"]

1. Nf3 Nf6 2. g3 b6 3. Bg2 Bb7 4. O-O g6 5. d3 Bg7 6. e4 d6 7. Nbd2 O-O 8. Re1
c5 9. c3 Nc6 10. h4 e5 11. a4 a6 12. Nc4 b5 13. axb5 axb5 14. Rxa8 Bxa8 15. Na3
b4 16. Nc4 Qc7 17. Bg5 Nd7 18. Qd2 Nb6 19. Nxb6 Qxb6 20. Bh6 Bb7 21. h5 Bc8 22.
Nh4 Qd8 23. Ra1 Bd7 24. Bxg7 Kxg7 25. h6+ Kh8 26. Kh2 Qf6 27. Bh3 Bxh3 28. Kxh3
bxc3 29. bxc3 Ne7 30. f4 Ng8 31. Ra6 Rb8 32. fxe5 Qe6+ 33. Kg2 Qxe5 34. Qf4 Rb2+
35. Kh3 Qxf4 36. gxf4 Nxh6 37. Rxd6 Re2 38. Ng2 c4 39. dxc4 Rxe4 40. Rd4 Re6 41.
c5 Rc6 42. Rd5 Nf5 43. Nh4 Ne3 44. Re5 Nd1 45. f5 Nxc3 46. Nf3 Na4 47. Re8+ Kg7
48. Ne5 Rxc5 49. f6+ Kxf6 50. Nd7+ Kg7 51. Nxc5 Nxc5 52. Rc8 Ne6 53. Kg3 h5 54.
Ra8 g5 55. Ra5 Kg6 56. Ra6 Kf5 57. Ra5+ Kf6 58. Ra6 Kg7 59. Ra7 Nf4 60. Ra5 Kg6
61. Ra6+ f6 62. Rb6 Nd3 63. Rd6 Ne5 64. Rb6 Kf5 65. Rb1 Kg6 66. Rb6 Kf5 67. Rb1
h4+ 68. Kg2 g4 69. Rb4 Nd3 70. Rb5+ Kg6 71. Rb3 Nf4+ 72. Kf2 Kg5 73. Rb5+ f5 74.
Kg1 g3 75. Rb8 Kg4 76. Rb3 Nh3+ 77. Kh1 Nf2+ 78. Kg1 h3 0-1

[Event "Hastings Masters 2025-26"]
[Site "Hastings ENG"]
[Date "2025.12.29"]
[Round "3.44"]
[White "Tudoroiu, Razvan-Catalin"]
[Black "Anjulan, Ashwin"]
[Result "1-0"]
[WhiteElo "2063"]
[BlackElo "1876"]
[WhiteFideId "1281100"]
[BlackFideId "343411622"]
[EventDate "2025.12.28"]

1. d4 Nf6 2. c4 c5 3. d5 b5 4. cxb5 a6 5. bxa6 Bxa6 6. Nc3 d6 7. e4 Bxf1 8. Kxf1
g6 9. g3 Bg7 10. Kg2 O-O 11. Nf3 Qb6 12. a4 Na6 13. Nb5 Nc7 14. Nxc7 Qxc7 15.
Qc2 Rfb8 16. Re1 Nd7 17. Ra3 Ne5 18. Nxe5 Bxe5 19. b3 Qb7 20. Bd2 Qa6 21. h4 h5
22. Bc3 Bxc3 23. Qxc3 Qa5 24. Qxa5 Rxa5 25. Rc1 Kg7 26. Kf3 Kf6 27. Ke3 e6 28.
dxe6 fxe6 29. Rd1 Ke7 30. Kd3 d5 31. exd5 exd5 32. Re1+ Kd6 33. Kc3 Ra6 34. f4
Rf8 35. Re5 Rf6 36. Ra1 Rb6 37. Rae1 d4+ 38. Kc2 Rc6 39. R1e4 Rb6 40. Rg5 d3+
41. Kc3 d2 42. Kxd2 Rxb3 43. Rc4 Ra3 44. Kc2 Ra2+ 45. Kb3 Ra1 46. Kb2 Re1 47.
Rcxc5 Re4 48. Rgd5+ Ke7 49. Re5+ Re6 50. Rxe6+ Rxe6 51. Re5 1-0

[Event "Hastings Masters 2025-26"]
[Site "Hastings ENG"]
[Date "2025.12.29"]
[Round "3.45"]
[White "Swiatkowski, Dominik"]
[Black "Both, Bert"]
[Result "1/2-1/2"]
[WhiteElo "1874"]
[BlackElo "2102"]
[WhiteFideId "343415202"]
[BlackFideId "1014340"]
[EventDate "2025.12.28"]

1. e4 c5 2. Nf3 e6 3. d3 Nc6 4. g3 Nge7 5. Bg2 g6 6. O-O Bg7 7. c3 e5 8. a3 d6
9. b4 a6 10. Nbd2 O-O 11. Nb3 b6 12. Rb1 Be6 13. Ng5 Bd7 14. Be3 h6 15. Nf3 f5
16. Qd2 g5 17. exf5 Nxf5 18. Qe2 Qf6 19. Nfd2 Qe7 20. Nc4 Rab8 21. Be4 Qe6 22.
Bg2 d5 23. Nb2 d4 24. c4 Qd6 25. Bd2 Nce7 26. bxc5 bxc5 27. Na5 Nc6 28. Bd5+ Kh8
29. Be4 Nfe7 30. Qh5 Nxa5 31. Bxa5 Bc6 32. Qe2 Rb3 1/2-1/2

[Event "Hastings Masters 2025-26"]
[Site "Hastings ENG"]
[Date "2025.12.29"]
[Round "3.46"]
[White "Freeman, Luke"]
[Black "Barbu, Simon-Alexandru"]
[Result "1/2-1/2"]
[WhiteElo "1867"]
[BlackElo "2051"]
[WhiteFideId "343411959"]
[BlackFideId "1257170"]
[EventDate "2025.12.28"]

1. e4 c6 2. d4 d5 3. exd5 cxd5 4. Bd3 Nc6 5. c3 Nf6 6. Bf4 Bg4 7. Qb3 Qd7 8. Nd2
e6 9. Ngf3 Bd6 10. Bxd6 Qxd6 11. O-O O-O 12. h3 Bh5 13. Rfe1 Rab8 14. a4 Qc7 15.
Ne5 Nxe5 16. Rxe5 Bg6 17. Bxg6 hxg6 18. Ree1 Qf4 19. Nf3 Ne4 20. Qc2 f6 21. Rad1
g5 22. Re2 g4 23. hxg4 Qxg4 24. Rde1 Kf7 25. Ne5+ fxe5 26. f3 Qg3 27. fxe4 exd4
28. exd5 d3 29. Rf2+ Kg8 30. Qd2 exd5 31. Re3 Rxf2 32. Qxf2 Qxf2+ 33. Kxf2 b5
34. a5 b4 35. Rxd3 bxc3 36. bxc3 Rb5 37. a6 Ra5 38. Ke3 Kf7 39. Kd4 Ke6 40. Re3+
Kf6 41. Rf3+ Kg6 42. Rg3+ Kf7 43. Rf3+ Ke6 44. Re3+ Kf6 45. Rf3+ Ke7 46. Re3+ 1/2-1/2

[Event "Hastings Masters 2025-26"]
[Site "Hastings ENG"]
[Date "2025.12.29"]
[Round "3.47"]
[White "Clarke, Connor"]
[Black "Wall, Tim P"]
[Result "1/2-1/2"]
[BlackTitle "FM"]
[WhiteElo "2058"]
[BlackElo "2219"]
[WhiteFideId "457655"]
[BlackFideId "401641"]
[EventDate "2025.12.28"]

1. d4 d5 2. c4 e6 3. Nc3 Nf6 4. Bg5 Bb4 5. e3 h6 6. Bh4 Nbd7 7. Bd3 c5 8. cxd5
exd5 9. Ne2 c4 10. Bc2 Nb6 11. Ba4+ Bd7 12. Bxd7+ Nbxd7 13. O-O Qa5 14. Qc2 O-O
15. Qf5 Rfe8 16. a3 Bxc3 17. Nxc3 Re6 18. Rac1 Rae8 19. Rfe1 g6 20. Qc2 Ne4 21.
b4 cxb3 22. Qxb3 Nb6 23. Qb5 Qxa3 24. Nxe4 Rxe4 25. Bf6 R4e6 26. Be5 Qa4 27. Qb2
Nc4 1/2-1/2

[Event "Hastings Masters 2025-26"]
[Site "Hastings ENG"]
[Date "2025.12.29"]
[Round "3.48"]
[White "Chapman, Luke"]
[Black "Ruane, Brendan J"]
[Result "1/2-1/2"]
[WhiteElo "1976"]
[BlackElo "1857"]
[WhiteFideId "343416608"]
[BlackFideId "430218"]
[EventDate "2025.12.28"]

1. e4 e5 2. Nf3 Nc6 3. d4 exd4 4. Nxd4 Bb4+ 5. c3 Be7 6. Be3 d6 7. c4 Nf6 8. f3
Nd7 9. Nc3 Bf6 10. Be2 O-O 11. O-O Nc5 12. Rc1 Ne6 13. Nxc6 bxc6 14. Qd2 c5 15.
Nd5 Bd4 16. Bxd4 Nxd4 17. Bd3 Rb8 18. b3 Be6 19. Nc3 Bd7 20. Ne2 Nc6 21. Bb1 a5
22. f4 Bg4 23. Nc3 Nd4 24. h3 Bd7 25. f5 f6 26. Ne2 Nxe2+ 27. Qxe2 a4 28. Bc2 a3
29. Qg4 Qe7 30. h4 Qe5 31. h5 h6 32. Qf4 Rfe8 33. Qxe5 Rxe5 34. Rce1 Rbe8 35. g4
Bc6 36. Rf4 Kf8 37. Kf2 Ke7 38. Re3 Kd7 39. Ke2 Kc8 40. Kd2 Kb7 41. Kc3 Kb6 42.
b4 cxb4+ 43. Kxb4 Ra8 44. Rb3 Ba4 45. Rxa3 c5+ 46. Kc3 Bc6 47. Rxa8 Bxa8 48. Kd3
Ka5 49. a3 Bc6 50. Ke3 Re7 51. Rf1 Rb7 52. Rd1 Rd7 53. Kf4 Ba4 54. Bxa4 Kxa4 55.
Rd3 Ka5 56. Ke3 Kb6 57. Rb3+ Kc6 58. Kf4 Ra7 1/2-1/2

[Event "Hastings Masters 2025-26"]
[Site "Hastings ENG"]
[Date "2025.12.29"]
[Round "3.49"]
[White "Kim, Changhoon"]
[Black "Vaidyanathan, Sathya"]
[Result "0-1"]
[WhiteTitle "CM"]
[WhiteElo "1874"]
[BlackElo "1842"]
[WhiteFideId "34117234"]
[BlackFideId "490539"]
[EventDate "2025.12.28"]

1. d4 d5 2. c4 e6 3. Nf3 Nf6 4. g3 Be7 5. Bg2 O-O 6. O-O c6 7. Nbd2 Nbd7 8. Qc2
b6 9. e4 dxc4 10. Nxc4 Bb7 11. Nfe5 c5 12. Nxd7 Qxd7 13. dxc5 Bxc5 14. Rd1 Qe7
15. Bg5 h6 16. Bxf6 Qxf6 17. Rd7 Bc6 18. Rc7 Rac8 19. Rxc8 Rxc8 20. Rd1 Bb7 21.
b3 b5 22. Na5 Bb4 23. Nc4 bxc4 24. bxc4 Bc5 25. Rd7 Bc6 26. e5 Qxf2+ 0-1

[Event "Hastings Masters 2025-26"]
[Site "Hastings ENG"]
[Date "2025.12.29"]
[Round "3.50"]
[White "Venkatesh, Anuj"]
[Black "Sciupokas, Arunas"]
[Result "0-1"]
[WhiteElo "1825"]
[BlackElo "1990"]
[WhiteFideId "455636"]
[BlackFideId "12803693"]
[EventDate "2025.12.28"]

1. d4 Nc6 2. Nf3 d6 3. c4 Nf6 4. Nc3 g6 5. e4 Bg4 6. Be2 Bg7 7. Be3 O-O 8. h3
Bxf3 9. Bxf3 e5 10. d5 Nd4 11. Bxd4 exd4 12. Ne2 Re8 13. Qd3 Qe7 14. O-O Nxe4
15. Nxd4 Nc5 16. Qd2 Qh4 17. Nb5 Re7 18. Rae1 Be5 19. b4 Qxc4 20. Be2 Ne4 21.
Qd3 Qxb4 22. Rb1 Qa5 23. Rfc1 Nc5 24. Qf3 Qxa2 25. Bc4 Qd2 26. g3 a6 27. Na3 b5
28. Ba2 Rae8 29. Rc2 Qa5 30. Rd1 Bg7 31. Kg2 Nd7 32. Nb1 Ne5 33. Qf4 Nd7 34. Qf3
Ne5 35. Qf4 h6 36. h4 h5 37. Rdd2 Ng4 38. Qf3 Bh6 39. Rd1 Ne5 40. Qb3 Nc4 41.
Qd3 Re1 42. Bxc4 bxc4 43. Rxc4 Rxd1 44. Qxd1 Re1 45. Qc2 Qxd5+ 46. f3 Re3 47.
Re4 Rxe4 48. fxe4 Qa5 49. Nc3 c6 50. Qd3 Qc5 51. Na4 Qe3 0-1

[Event "Hastings Masters 2025-26"]
[Site "Hastings ENG"]
[Date "2025.12.29"]
[Round "3.51"]
[White "Jacobs, Simon"]
[Black "Binks, Michael"]
[Result "1/2-1/2"]
[WhiteElo "1749"]
[BlackElo "1898"]
[WhiteFideId "343440673"]
[BlackFideId "1800957"]
[EventDate "2025.12.28"]

1. e4 c6 2. d4 d5 3. exd5 cxd5 4. Bd3 Nc6 5. c3 Nf6 6. h3 e5 7. dxe5 Nxe5 8. Nf3
Nxd3+ 9. Qxd3 Be7 10. O-O O-O 11. Re1 h6 12. Be3 Be6 13. Nbd2 Qd7 14. Nd4 b6 15.
N2f3 Bd6 16. Rad1 Rad8 17. Bc1 Rfe8 18. Nh4 Bb8 19. Qf3 Qd6 20. g4 Qh2+ 21. Kf1
Bxg4 22. hxg4 Qxh4 23. Nc6 Nxg4 24. Qg2 Rc8 25. Rxe8+ Rxe8 26. Nxb8 Rxb8 27. Rd4
h5 28. f3 Re8 29. Bd2 Qf6 30. Rf4 Qg6 31. fxg4 Qd3+ 32. Kg1 Re2 33. Rf2 Rxf2 34.
Qxf2 1/2-1/2

[Event "Hastings Masters 2025-26"]
[Site "Hastings ENG"]
[Date "2025.12.29"]
[Round "3.52"]
[White "Saxena, Advik"]
[Black "Halas, Kim Aleksander"]
[Result "1-0"]
[WhiteElo "1806"]
[BlackElo "1729"]
[WhiteFideId "343423892"]
[BlackFideId "1546074"]
[EventDate "2025.12.28"]

1. d4 f5 2. c4 Nf6 3. Nf3 g6 4. g3 Bg7 5. Bg2 O-O 6. O-O Qe8 7. Nc3 d6 8. e3 c6
9. Qc2 Na6 10. a3 e5 11. dxe5 dxe5 12. Rd1 Nc5 13. b4 e4 14. Ne1 Ncd7 15. Bb2
Ne5 16. Ne2 h5 17. Nf4 Neg4 18. Rd2 g5 19. Ne2 h4 20. Rad1 Qh5 21. Rd8 Be6 22.
Rxa8 Rxa8 23. Rd6 hxg3 24. hxg3 Re8 25. Qc1 Bf8 26. Rd2 Kf7 27. Bxf6 Kxf6 28.
Nd4 f4 29. exf4 gxf4 30. Qc3 Kf7 31. Nxe6 f3 32. Nxf8 Kxf8 33. Nxf3 exf3 34.
Qxf3+ Kg8 35. Qd1 Rf8 36. Rd8 Qf5 37. Rxf8+ Kxf8 38. Qf3 Qxf3 39. Bxf3 Ne5 40.
Be2 Ke7 41. f4 Nd7 42. Kf2 c5 43. b5 Kd6 44. g4 Nf8 45. Kf3 Ne6 46. Bd3 a6 47.
a4 Nd4+ 48. Ke4 Ke6 49. f5+ Kf6 50. Kf4 1-0

[Event "Hastings Masters 2025-26"]
[Site "Hastings ENG"]
[Date "2025.12.29"]
[Round "3.53"]
[White "Siddhartha Shankar Srivastava"]
[Black "Prince, Alan R"]
[Result "0-1"]
[WhiteElo "1589"]
[BlackElo "1803"]
[WhiteFideId "25780590"]
[BlackFideId "2402165"]
[EventDate "2025.12.28"]

1. e4 c5 2. Nf3 Nc6 3. d4 cxd4 4. Nxd4 e5 5. Nb5 d6 6. c4 Be6 7. N1c3 a6 8. Na3
g6 9. Be3 Bg7 10. Nc2 Nf6 11. f3 O-O 12. Be2 Rc8 13. Qd2 Na5 14. b3 Qc7 15. Na4
Nd7 16. Rc1 Nc5 17. Nxc5 dxc5 18. O-O b6 19. Rfd1 Rcd8 20. Qe1 Nc6 21. Bd2 Rd7
22. Ne3 Qd8 23. Nd5 f5 24. Qg3 Nd4 25. Re1 f4 26. Qf2 g5 27. h3 h5 28. b4 Bh6
29. Bd1 Rg7 30. bxc5 bxc5 31. Kh1 g4 32. fxg4 hxg4 33. Bxg4 Bxg4 34. hxg4 Bg5
35. Qf1 Bh4 36. Red1 Bg3 37. Rc3 Qh4+ 0-1

[Event "Hastings Masters 2025-26"]
[Site "Hastings ENG"]
[Date "2025.12.30"]
[Round "4.1"]
[White "Hagner, Bennet"]
[Black "Kaasen, Tor Fredrik"]
[Result "1/2-1/2"]
[WhiteTitle "IM"]
[BlackTitle "IM"]
[WhiteElo "2451"]
[BlackElo "2471"]
[WhiteFideId "16224477"]
[BlackFideId "1516647"]
[EventDate "2025.12.28"]

1. e4 c5 2. Nf3 Nc6 3. d4 cxd4 4. Nxd4 Nf6 5. Nc3 e5 6. Ndb5 d6 7. Bg5 a6 8. Na3
b5 9. Nd5 Be7 10. Bxf6 Bxf6 11. c3 Rb8 12. Nc2 Bg5 13. g3 O-O 14. h4 Bh6 15. Bh3
Be6 16. Qd3 a5 17. Bxe6 fxe6 18. O-O Rf7 19. Nde3 Bxe3 20. Nxe3 Rd7 21. a4 Qb6
22. h5 h6 23. Rfd1 Qc5 24. Rd2 b4 25. Qc2 bxc3 26. bxc3 Nd8 27. Kg2 Nf7 28. Rb1
Rxb1 29. Qxb1 Qxc3 30. Qb5 Qxd2 31. Qxd7 Ng5 32. Ng4 Qe2 33. Qe8+ Kh7 34. Qg6+
Kh8 35. Qe8+ Kh7 36. Nf6+ gxf6 37. Qg6+ Kh8 38. Qxf6+ Kg8 39. Qg6+ Kh8 40. Qf6+
Kg8 41. Qg6+ Kh8 42. Qf6+ Kg8 1/2-1/2

[Event "Hastings Masters 2025-26"]
[Site "Hastings ENG"]
[Date "2025.12.30"]
[Round "4.2"]
[White "Laurent-Paoli, Pierre"]
[Black "Plat, Vojtech"]
[Result "1/2-1/2"]
[WhiteTitle "GM"]
[BlackTitle "GM"]
[WhiteElo "2539"]
[BlackElo "2461"]
[WhiteFideId "26017962"]
[BlackFideId "325740"]
[EventDate "2025.12.28"]

1. e4 c5 2. Nf3 Nc6 3. Bb5 g6 4. O-O Bg7 5. c3 Nf6 6. Re1 O-O 7. d4 d5 8. e5 Ne4
9. Bxc6 bxc6 10. Be3 Rb8 11. Qc1 cxd4 12. cxd4 f6 13. exf6 exf6 14. Qxc6 Rxb2
15. Nbd2 Rb6 16. Qc1 g5 17. Nb3 h6 18. Nfd2 f5 19. f4 g4 20. Nxe4 fxe4 21. Qd2
Rg6 22. g3 h5 23. Rac1 h4 24. Rc5 hxg3 25. hxg3 Ba6 26. Qa5 Bc4 27. Nd2 Ra6 1/2-1/2

[Event "Hastings Masters 2025-26"]
[Site "Hastings ENG"]
[Date "2025.12.30"]
[Round "4.3"]
[White "Deuer, Marius"]
[Black "Williams, Simon K"]
[Result "1-0"]
[WhiteTitle "IM"]
[BlackTitle "GM"]
[WhiteElo "2475"]
[BlackElo "2434"]
[WhiteFideId "16236432"]
[BlackFideId "404454"]
[EventDate "2025.12.28"]

1. d4 e6 2. c4 f5 3. g3 Nf6 4. Bg2 d5 5. Nf3 Bd6 6. O-O c6 7. b3 Qe7 8. a4 a5 9.
Ba3 Bxa3 10. Nxa3 O-O 11. Ne5 Nbd7 12. Nd3 b6 13. cxd5 exd5 14. Nb1 Ne4 15. Qc2
Bb7 16. Nd2 c5 17. Rac1 Rac8 18. Qb2 cxd4 19. Nf3 Nec5 20. Rcd1 Nf6 21. Nxd4
Nfe4 22. Nf3 Qf6 23. Qxf6 Rxf6 24. Nd4 Re8 25. Rfe1 g5 26. Rc1 f4 27. f3 Nxd3
28. exd3 Nd6 29. Rxe8+ Nxe8 30. Bh3 Ba6 31. Bc8 Bxd3 32. Be6+ Kg7 33. Rc8 Bg6
34. g4 Kh6 35. Rd8 Nc7 36. Bc8 Ne8 37. h4 Rd6 38. Rxe8 gxh4 39. Re7 Kg5 40. Bf5
Kf6 41. Re2 Bxf5 42. gxf5 Rd8 43. Re6+ Kg5 44. Rxb6 Rc8 45. Rc6 Rb8 46. Rc5 Re8
47. Ne6+ Kf6 48. Rxd5 Rg8+ 49. Kh2 Rg3 50. Nd4 h3 51. Rxa5 Kg5 52. f6+ Kh4 53.
Nf5+ 1-0

[Event "Hastings Masters 2025-26"]
[Site "Hastings ENG"]
[Date "2025.12.30"]
[Round "4.4"]
[White "Gordon, Stephen J"]
[Black "Wang, Hao(ZJ)"]
[Result "1/2-1/2"]
[WhiteTitle "GM"]
[BlackTitle "IM"]
[WhiteElo "2465"]
[BlackElo "2426"]
[WhiteFideId "411477"]
[BlackFideId "8631859"]
[EventDate "2025.12.28"]

1. c4 Nf6 2. Nc3 c6 3. e4 d5 4. e5 Ne4 5. d4 Bf5 6. Qb3 Nxc3 7. bxc3 Qc7 8. Ba3
Nd7 9. Ne2 dxc4 10. Qxc4 c5 11. Rc1 Qa5 12. Bxc5 Nxc5 13. Qxc5 Qxc5 14. dxc5 e6
15. Nd4 Bxc5 16. Bb5+ Ke7 17. Nxf5+ exf5 18. Ke2 f6 19. exf6+ Kxf6 20. Rhd1 Rhd8
21. Bd7 g6 22. Rd5 b6 23. Rcd1 a5 24. a4 Rf8 25. Bb5 Rf7 26. Rd7 Re8+ 27. Kf1
Ree7 28. Rxe7 Rxe7 29. Rd7 Rxd7 1/2-1/2